Italian Cuisine - Sudden Death - Statistics

General Stats
  • This quiz has been taken 916 times
    352 since last reset
  • The average score is 7 of 15
Answers on the Grid
Answers color-coded by a green-red scale on the quiz's grid according to % correct below.
Trifle
Pastrami
Manchego
Macaron
Feta
Churo
Chocolate Bunny
Chardonnay
Samosa
Mozzarella Stick
Caprese Salad
Calzone
Bruschetta
Balsamic Vinegar
Amaretto
Latte
Grappa
Farfalle
Marinara Sauce
Salami
Risotto
Tiramisu
Ricotta
Pizza Capricciosa
Cassata
 
Answer Stats
Answer % Correct
Tiramisu
67%
Calzone
64%
Bruschetta
62%
Ricotta
60%
Risotto
59%
Farfalle
54%
Caprese Salad
48%
Salami
48%
Amaretto
45%
Pizza Capricciosa
44%
Marinara Sauce
42%
Latte
41%
Balsamic Vinegar
40%
Grappa
35%
Cassata
28%
No matching quizzes found
Score Distribution
Percent of People with Each Score
Percentile by Number Answered
Your Score History
You have not taken this quiz since the last reset